Statistics for Hard Rock artists of the '70s by lyric

Click here to take the quiz!

General Stats

  • This quiz has been taken 116 times
  • The average score is 5 of 15

Answer Stats

HintAnswer% Correct
We all came out to Montreux, on the Lake Geneva shoreline.Deep Purple
72%
Mommy's alright, daddy's alright; they just seem a little weird.Cheap Trick
50%
The sky is filled with good and bad that mortals never know.Led Zeppelin
47%
Masquerading as a man with a reason, my charade is the event of the season.Kansas
43%
Johnny's life passed him by like a warm summer day. If you listen to the wind, you can still hear him play.Bad Company
39%
I'm living in a room without any view. I'm living free because the rent's never due.Black Sabbath
35%
My ship isn't coming and I just can't pretend.Rush
33%
I'm your captain, I'm your captain, though I'm feeling mighty sick.Grand Funk Railroad
24%
History shows again and again how nature points out the folly of men.Blue Oyster Cult
23%
We laugh and sweat and scream here 'cause life is just a dream here.Alice Cooper
22%
Searchlight on my trail; tonight's the night all systems fail.Thin Lizzy
22%
Sun streaking cold, an old man wandering lonely, taking time the only way he knows.Jethro Tull
22%
Some people think they're gonna die someday. I got news; you never got to go.Ted Nugent
15%
There's many who tried to prove that they're faster, but they didn't last and they died as they tried.Judas Priest
11%
Mama, mama, please, no more Jaguars. I don't wanna be a pop star.Nazareth
10%

Score Distribution

Percentile by Number Answered

Percent of People with Each Score

Your Score History

You have not taken this quiz